Normal view
MARC view
- Law- Banking
Entry Topical Term
001 - CONTROL NUMBER
- control field: 15058
003 - CONTROL NUMBER IDENTIFIER
- control field: OSt
005 - DATE AND TIME OF LATEST TRANSACTION
- control field: 20260203131629.0
008 - FIXED-LENGTH DATA ELEMENTS
- fixed length control field: 260203|| aca||aabn | a|a d
040 ## - CATALOGING SOURCE
- Original cataloging agency: OSt
- Transcribing agency: OSt
150 ## - HEADING--TOPICAL TERM
- Topical term or geographic name entry element: Law- Banking
670 ## - SOURCE DATA FOUND
- Source citation: Work cat.: (OSt)5974: Mukubwa,G.P.Tumwine 15057, Essays in African Banking Law and Practice /, c2009 .